书目信息 |
| 题名: |
名师如何炼就名课
|
|
| 作者: | 李力加 主编 | |
| 分册: | 美术卷 | |
| 出版信息: | 重庆 西南师范大学出版社 2022.01 |
|
| 页数: | 352页 | |
| 开本: | 24cm | |
| 丛书名: | 名师工程 | |
| 单 册: | ||
| 中图分类: | G632.0 , G633.955.2 | |
| 科图分类: | ||
| 主题词: | 中小学--zhong xiao xue--教学研究 , 美术课--mei shu ke--教学研究--中小学 | |
| 电子资源: | ||
| ISBN: | 978-7-5621-5065-7 | |
| 000 | 01048nam 2200289 450 | |
| 001 | 012001003163 | |
| 005 | 20140203131553.0 | |
| 010 | @a978-7-5621-5065-7@dCNY68.00 | |
| 099 | @aCAL 012010273903 | |
| 100 | @a20220905d2010 em y0chiy50 ea | |
| 101 | 0 | @achi |
| 102 | @aCN@b500000 | |
| 105 | @aa z 000yy | |
| 106 | @ar | |
| 200 | 1 | @a名师如何炼就名课@Aming shi ru he lian jiu ming ke@i美术卷@f李力加主编 |
| 210 | @a重庆@c西南师范大学出版社@d2022.01 | |
| 215 | @a352页@c图@d24cm | |
| 225 | 2 | @a名师工程@Aming shi gong cheng@i名师名课系列 |
| 330 | @a本书内容包括: 挑战自己 —— 写生书包 —— 设置合理挑战, 提升学生的自主表现能力 ; 线的情感和韵律 —— 实现三维目标的综合艺术课 ; 水墨佛像 —— 创造情境, 提高学生美术表现能力等。 | |
| 410 | 0 | @12001@a名师工程@i名师名课系列 |
| 606 | 0 | @a中小学@Azhong xiao xue@x教学研究 |
| 606 | 0 | @a美术课@Amei shu ke@x教学研究@x中小学 |
| 690 | @aG632.0@v4 | |
| 690 | @aG633.955.2@v4 | |
| 701 | 0 | @a李力加@Ali li jia@4主编 |
| 801 | 0 | @aCN@bAHXH@c20221111 |
| 905 | @b1375755-9@dG632.0@e1520@f5 | |
| 名师如何炼就名课.美术卷/李力加主编.-重庆:西南师范大学出版社,2022.01 |
| 352页:图;24cm.-(名师工程.名师名课系列) |
| ISBN 978-7-5621-5065-7:CNY68.00 |
| 本书内容包括: 挑战自己 —— 写生书包 —— 设置合理挑战, 提升学生的自主表现能力 ; 线的情感和韵律 —— 实现三维目标的综合艺术课 ; 水墨佛像 —— 创造情境, 提高学生美术表现能力等。 |
| ● |
| 相关链接 |
|
|
|
|
正题名:名师如何炼就名课
索取号:G632.0/1520
 
预约/预借
| 序号 | 登录号 | 条形码 | 馆藏地/架位号 | 状态 | 备注 |
| 1 | 1375755 | 213757558 | 第一样本阅览室/ [索取号:G632.0/1520] | 在馆 | |
| 2 | 1375756 | 213757567 | 教育系资料室/ [索取号:G632.0/1520] | 在馆 | |
| 3 | 1375757 | 213757576 | 教育系资料室/ [索取号:G632.0/1520] | 在馆 | |
| 4 | 1375758 | 213757585 | 第四借阅区/ [索取号:G632.0/1520] | 在馆 | |
| 5 | 1375759 | 213757594 | 第四借阅区/ [索取号:G632.0/1520] | 在馆 |